<?xml version="1.0" encoding="UTF-8"?>
<record
    xmlns:xsi="http://www.w3.org/2001/XMLSchema-instance"
    xsi:schemaLocation="http://www.loc.gov/MARC21/slim http://www.loc.gov/standards/marcxml/schema/MARC21slim.xsd"
    xmlns="http://www.loc.gov/MARC21/slim">

  <leader>01399nab a2200229 i 4500</leader>
  <controlfield tag="001">BPP</controlfield>
  <controlfield tag="003">BPK</controlfield>
  <controlfield tag="005">20160411142913.0</controlfield>
  <controlfield tag="008">140714s1981    pl  |  f     |000 ||pol</controlfield>
  <datafield tag="040" ind1=" " ind2=" ">
    <subfield code="c">BPK</subfield>
  </datafield>
  <datafield tag="080" ind1=" " ind2=" ">
    <subfield code="a">621.9</subfield>
  </datafield>
  <datafield tag="100" ind1=" " ind2=" ">
    <subfield code="a">BORKOWSKI, J&#xF3;zef.</subfield>
    <subfield code="d">1975 - 1996.</subfield>
    <subfield code="b">Wy&#x17C;sza Szko&#x142;a In&#x17C;ynierska w Koszalinie - Instytut Budowy Maszyn,</subfield>
    <subfield code="c">Zak&#x142;ad Technologii Maszyn</subfield>
  </datafield>
  <datafield tag="245" ind1=" " ind2=" ">
    <subfield code="a">Elektrostatyczne pozyskiwanie ziarn monokrystalicznych ze standardowego &#x15B;cierniwa w&#x119;glika krzemu /</subfield>
    <subfield code="c">J&#xF3;zef Borkowski, Miros&#x142;aw Wi&#x15B;niewski.</subfield>
  </datafield>
  <datafield tag="260" ind1=" " ind2=" ">
    <subfield code="c">1981.</subfield>
  </datafield>
  <datafield tag="500" ind1=" " ind2=" ">
    <subfield code="a">Dane z autopsji.</subfield>
  </datafield>
  <datafield tag="520" ind1=" " ind2=" ">
    <subfield code="a">W artykule om&#xF3;wiono og&#xF3;lne warunki zastosowania wysokonapi&#x119;ciowego pola elektrycznego do wzbogacania &#x15B;cierniw w&#x119;glika krzemu w ziarna monokrystaliczne. Przedstawiono stanowisko badawcze i metodyk&#x119; przeprowadzonych eksperyment&#xF3;w oraz wyniki do&#x15B;wiadcze&#x144; pozwalaj&#x105;ce na ocen&#x119; jako&#x15B;ci segregacji. Om&#xF3;wiono tak&#x17C;e kierunki stosowania tego sposobu rozdzia&#x142;u ziarn &#x15B;ciernych.</subfield>
  </datafield>
  <datafield tag="650" ind1=" " ind2="0">
    <subfield code="a">Materia&#x142;y &#x15B;cierne.</subfield>
  </datafield>
  <datafield tag="650" ind1=" " ind2="0">
    <subfield code="a">Szlifowanie - narz&#x119;dzia i maszyny.</subfield>
  </datafield>
  <datafield tag="700" ind1=" " ind2=" ">
    <subfield code="a">WI&#x15A;NIEWSKI, Miros&#x142;aw.</subfield>
    <subfield code="d">1979 - 1996.</subfield>
    <subfield code="b">Wy&#x17C;sza Szko&#x142;a In&#x17C;ynierska w Koszalinie - Instytut Budowy Maszyn,</subfield>
    <subfield code="c">Zak&#x142;ad Technologii Maszyn</subfield>
  </datafield>
  <datafield tag="773" ind1=" " ind2=" ">
    <subfield code="i">W :</subfield>
    <subfield code="t">Zeszyty Naukowe Wy&#x17C;szej Szko&#x142;y In&#x17C;ynierskiej w Koszalinie. Prace Instytutu Budowy Maszyn. -</subfield>
    <subfield code="g">1981, nr 4 [16], s. 117-126</subfield>
  </datafield>
  <datafield tag="942" ind1=" " ind2=" ">
    <subfield code="c">ART</subfield>
    <subfield code="2">UKD</subfield>
  </datafield>
  <datafield tag="999" ind1=" " ind2=" ">
    <subfield code="c">4473</subfield>
    <subfield code="d">4473</subfield>
  </datafield>
</record>
